1050 1196 1228 1084 1069 1898 1304 1629 1826 1795 1806 1267 1952 1430 1422 1763 1396 1793 1505 1722 1467 1264 1883 1638 1630 1096 1174 1023 1130 1521 1345 1025 1243 1365 1697 1322 1707 1936 1479 1297 1006 1545 1758 1305 1022 1440 1110 1108 1283 1100 1561 1143 1008 1857 1652 1596 1548 1838 1709 1192 1970 1099 1097 1433 1681 1360 1956 1509 1582 1451 1520 1892 1188 1373 1873 1629 1197 1923 1935 1676 1889 1857 1541 1809 1731 1356 1307 1318 1977 1393 1256 1692 1750 1749 1971 1300 1462 1704 1522 BCNSPRNW ULIB Ver.6.0+V

เปลี่ยนเป็นภาษาไทย

Change to English
 แสดงรายละเอียดบรรณานุกรม
  กลับหน้าหลัก

Brief Record : Get Marc (ISO 2709) : E-mail record : QR code < ปิดหน้าต่าง
LEADER : 00000nam 2200000uu 4500
001    13399126179
003     ULIB
008    180702s2560||||th 000 0 tha d
020    ^a9786167495057
060  4 ^aWY152^bผ225พ
100 0  ^aผ่องพรรณ อรุณแสง
245 10 ^aการพยาบาลปัญหาสำคัญของผู้สูงอายุ : การนำใช้ /^cผ่องพรรณ อรุณแสง
250    ^aพิมพ์ครั้งที่ 4
260    ^aขอนแก่น :^bโรงพิมพ์คลังนานาวิทยา,^c2560
300    ^aก-ฒ, 290 หน้า
500    ^a^"ผู้จัดทำสังกัดคณะพยาบาลศาสตร์ มหาวิทยาลัยขอนแก่น^"
650  7 ^aการพยาบาลผู้สูงอายุ
650  7 ^aผู้สูงอายุ^xการดูแล
650  7 ^aวัยชรา^xการดูแล
945    ^p300^l0^i003553
945    ^p300^l0^i003552
945    ^p300^l0^i004290
999    ^aวรรณษา ชูชัยมงคล
รายการนี้ยังไม่มีแท็ก
คุณยังไม่ได้ล็อกอิน คุณสามารถมีกิจกรรมร่วมกับเว็บไซต์ได้ แต่ต้องล็อกอินก่อน ::
  ล็อกอิน

รายการสื่อสารสนเทศ

ลำดับที่ ประเภท เลขเรียก/บาร์โค้ด สถานที่ สถานะ
1. วิทยาศาสตร์การแพทย์ และสุขภาพ
หนังสือสำรอง
สถานะ=หนังสือสำรอง
WY152 ผ225พ ฉ.1 
  Barcode: 003552
ห้องสมุดวิทยาเขตสวรรค์ประชารักษ์
►หนังสือทั่วไป
บนชั้น
2. วิทยาศาสตร์การแพทย์ และสุขภาพ
วิทยาศาสตร์การแพทย์ และสุขภาพ
WY152 ผ225พ ฉ.2 
  Barcode: 003553
ห้องสมุดวิทยาเขตสวรรค์ประชารักษ์
►หนังสือทั่วไป
ถูกยืม กำหนดส่งวันที่ 1 มีนาคม 2569
  จอง
3. วิทยาศาสตร์การแพทย์ และสุขภาพ
วิทยาศาสตร์การแพทย์ และสุขภาพ
WY152 ผ225พ ฉ.3 
  Barcode: 004290
ห้องสมุดวิทยาเขตสวรรค์ประชารักษ์
►หนังสือทั่วไป
บนชั้น

รายการใกล้เคียง
    ผู้แต่ง [ผ่องพรรณ อรุณแสง]

    หัวเรื่อง [การพยาบาลผู้สูงอายุ]
    หัวเรื่อง [ผู้สูงอายุ การดูแล]

BibComment


ยังไม่เคยถูกคอมเมนท์

คอมเมนท์ทรัพยากรรายการนี้
  คอมเมนท์: การพยาบาลปัญหาสำ..


 Copyright 2026. Bcnsprnw @Library